000 00275nam a2200109Ia 4500
008 190914s9999||||xx |||||||||||||| ||und||
100 _aWilliam G Zikmund
245 0 _aExploring Marketing Research
260 _aCanada
_bTata McGraw Hill
_c2006
300 _a655
942 _cBK
999 _c9665
_d9665